Psicobiología del desarrollo
Guardat en:
| Format: | Llibre |
|---|---|
| Idioma: | espanyol |
| Publicat: |
Barcelona
Ariel
1991
|
| Col·lecció: | Ariel Psicología
|
| Matèries: | |
| Etiquetes: |
Afegir etiqueta
Sense etiquetes, Sigues el primer a etiquetar aquest registre!
|
MARC
| LEADER | 00000nam a2200000 a 4500 | ||
|---|---|---|---|
| 001 | UCX9808 | ||
| 003 | CL-VaPUC | ||
| 008 | 940628e19910000SP |||||||||||||||||spa|d | ||
| 082 | 0 | 4 | |a 612.8 |b PSI |2 21 |
| 245 | 1 | 0 | |a Psicobiología del desarrollo |
| 300 | |a 190 p | ||
| 942 | |c BK | ||
| 945 | |d 19940628 00:00:00 |a rbrito | ||
| 260 | |a Barcelona |b Ariel |c 1991 | ||
| 650 | 7 | |a PSICOBIOLOGIA |2 CL-VaPUC |9 311592 | |
| 650 | 7 | |a SISTEMA NERVIOSO CRECIMIENTO Y DESARROLLO |2 CL-VaPUC |9 327273 | |
| 583 | |a last modification |c 19940628 00:00:00 |k Rodrigo Vera | ||
| 490 | 0 | |a Ariel Psicología | |
| 999 | |c 228941 |d 228939 | ||
| 952 | |0 0 |1 0 |4 0 |6 612_800000000000000_PSI_1991 |7 0 |8 A |9 229448 |a BIBEDU |b BIBEDU |d 2019-11-15 |i 2988089 |o 612.8 PSI 1991 |p 2988089 |r 2019-11-15 |w 2019-11-15 |y BK |k EDU | ||